[Event "Greek Team Championship"]
[Site "chess24.com"]
[Date "2017.07.04"]
[Round "3"]
[White "Kalamoukos, Grigorios"]
[Black "Fyntrilakis, Kyriakos"]
[Result "0-1"]
[Board "10"]
[WhiteElo "1331"]
[WhiteCountry "GRE"]
[WhiteFideId "4298020"]
[WhiteEloChange "-3"]
[BlackElo "1647"]
[BlackCountry "GRE"]
[BlackFideId "4286030"]
[BlackEloChange "3"]

1. d4 {[%clk 1:30:57]} Nf6 {[%clk 1:30:59]} 2. Nf3 {[%clk 1:31:20]} e6 {[%clk
1:31:22]} 3. e3 {[%clk 1:31:45]} c5 {[%clk 1:31:05]} 4. Bd3 {[%clk 1:31:42]} Nc6
{[%clk 1:30:38]} 5. O-O {[%clk 1:30:52]} d5 {[%clk 1:30:49]} 6. b3 {[%clk
1:30:35]} cxd4 {[%clk 1:30:21]} 7. exd4 {[%clk 1:30:50]} Bd6 {[%clk 1:30:46]} 8.
Bb2 {[%clk 1:30:19]} O-O {[%clk 1:30:44]} 9. Nbd2 {[%clk 1:26:58]} b6 {[%clk
1:26:48]} 10. Ne5 {[%clk 1:26:09]} Bb7 {[%clk 1:27:01]} 11. f4 {[%clk 1:26:16]}
Qc7 {[%clk 1:26:06]} 12. a3 {[%clk 1:25:29]} Rac8 {[%clk 1:22:51]} 13. Rf3 {[%clk
1:24:36]} Ne7 {[%clk 1:22:37]} 14. Rh3 {[%clk 1:22:02]} Ng6 {[%clk 1:18:18]} 15.
Qf3 {[%clk 1:19:30]} Rfd8 {[%clk 1:17:44]} 16. g4 {[%clk 1:18:39]} Ne4 {[%clk
1:17:38]} 17. Nf1 {[%clk 1:11:22]} Bxe5 {[%clk 1:12:21]} 18. dxe5 {[%clk
1:10:09]} Nc5 {[%clk 1:11:22]} 19. Bxg6 {[%clk 1:02:56]} fxg6 {[%clk 1:11:33]}
20. Bd4 {[%clk 1:01:35]} Ne4 {[%clk 1:11:45]} 21. c3 {[%clk 1:00:08]} Rf8 {[%clk
1:11:39]} 22. Ng3 {[%clk 0:56:01]} Ng5 {[%clk 1:10:57]} 23. Qg2 {[%clk 0:51:13]}
Nxh3+ {[%clk 1:11:25]} 24. Qxh3 {[%clk 0:51:34]} Rxf4 {[%clk 1:11:21]} 25. Ne2
{[%clk 0:49:17]} Rf7 {[%clk 1:11:15]} 26. Kg2 {[%clk 0:45:16]} Rcf8 {[%clk
1:11:28]} 27. Qe3 {[%clk 0:41:27]} Qe7 {[%clk 1:11:29]} 28. Ng3 {[%clk 0:37:14]}
Qh4 {[%clk 1:10:58]} 29. h3 {[%clk 0:36:05]} Rf2+ {[%clk 1:04:03]} 30. Qxf2
{[%clk 0:36:24]} Rxf2+ {[%clk 1:04:31]} 31. Kxf2 {[%clk 0:36:44]} Qxh3 {[%clk
1:04:55]} 32. Kf3 {[%clk 0:36:39]} h5 {[%clk 1:05:22]} 33. gxh5 {[%clk 0:35:20]}
gxh5 {[%clk 1:05:51]} 34. Rh1 {[%clk 0:33:23]} Qg4+ {[%clk 1:06:18]} 35. Kf2
{[%clk 0:33:46]} h4 {[%clk 1:06:42]} 36. Ne2 {[%clk 0:32:52]} g5 {[%clk 1:06:59]}
37. Rg1 {[%clk 0:32:12]} Qf5+ {[%clk 1:06:55]} 38. Ke1 {[%clk 0:32:28]} g4 {[%clk
1:07:05]} 39. Be3 {[%clk 0:31:42]} g3 {[%clk 1:05:08]} 40. Nxg3 {[%clk 1:01:28]}
hxg3 {[%clk 1:35:29]} 41. Rxg3+ {[%clk 1:01:48]} Kf7 {[%clk 1:35:40]} 42. Rg2
{[%clk 0:59:43]} Qb1+ {[%clk 1:35:38]} 43. Ke2 {[%clk 0:59:49]} Qc2+ {[%clk
1:35:55]} 44. Bd2 {[%clk 0:58:58]} Qe4+ {[%clk 1:36:07]} 45. Kf1 {[%clk 0:59:06]}
Qxe5 {[%clk 1:35:37]} 46. Bh6 {[%clk 0:58:26]} Ba6+ {[%clk 1:35:46]} 47. Kg1
{[%clk 0:58:33]} Qe1+ {[%clk 1:36:12]} 0-1

[Event "Greek Team Championship"]
[Site "chess24.com"]
[Date "2017.07.04"]
[Round "3"]
[White "Mastrovasilis, Dimitrios"]
[Black "Mista, Aleksander"]
[Result "1/2-1/2"]
[Board "1"]
[WhiteElo "2580"]
[WhiteTitle "GM"]
[WhiteCountry "GRE"]
[WhiteFideId "4202694"]
[BlackElo "2605"]
[BlackTitle "GM"]
[BlackCountry "POL"]
[BlackFideId "1110381"]

1. e4 {[%clk 1:30:26]} e5 {[%clk 1:30:50]} 2. Nf3 {[%clk 1:30:39]} Nc6 {[%clk
1:31:16]} 3. Bb5 {[%clk 1:30:57]} Nf6 {[%clk 1:30:31]} 4. O-O {[%clk 1:29:57]}
Nxe4 {[%clk 1:30:39]} 5. Re1 {[%clk 1:29:48]} Nd6 {[%clk 1:31:04]} 6. Nxe5 {[%clk
1:30:06]} Be7 {[%clk 1:31:29]} 7. Bf1 {[%clk 1:30:17]} O-O {[%clk 1:31:19]} 8. d4
{[%clk 1:26:43]} Nf5 {[%clk 1:27:49]} 9. c3 {[%clk 1:26:22]} Nxe5 {[%clk
1:27:25]} 10. Rxe5 {[%clk 1:26:33]} d6 {[%clk 1:27:47]} 11. Re1 {[%clk 1:26:53]}
d5 {[%clk 1:27:09]} 12. Bf4 {[%clk 1:26:32]} Bd6 {[%clk 1:26:14]} 13. Qf3 {[%clk
1:24:58]} Nh4 {[%clk 1:23:28]} 14. Qg3 {[%clk 1:24:59]} Nf5 {[%clk 1:23:36]} 15.
Qf3 {[%clk 1:25:11]} Nh4 {[%clk 1:23:06]} 16. Qg3 {[%clk 1:24:53]} Nf5 {[%clk
1:23:11]} 17. Qf3 {[%clk 1:25:10]} 1/2-1/2

[Event "Greek Team Championship"]
[Site "chess24.com"]
[Date "2017.07.04"]
[Round "3"]
[White "Postny, Evgeny"]
[Black "Mastrovasilis, Athanasios"]
[Result "1/2-1/2"]
[Board "2"]
[WhiteElo "2581"]
[WhiteTitle "GM"]
[WhiteCountry "ISR"]
[WhiteFideId "2804344"]
[WhiteEloChange "-1"]
[BlackElo "2512"]
[BlackTitle "GM"]
[BlackCountry "GRE"]
[BlackFideId "4201990"]
[BlackEloChange "1"]

1. d4 {[%clk 1:30:56]} Nf6 {[%clk 1:25:33]} 2. c4 {[%clk 1:31:20]} e6 {[%clk
1:25:51]} 3. g3 {[%clk 1:31:45]} Bb4+ {[%clk 1:24:49]} 4. Bd2 {[%clk 1:30:33]}
Be7 {[%clk 1:24:38]} 5. Bg2 {[%clk 1:30:32]} d5 {[%clk 1:25:01]} 6. Nf3 {[%clk
1:30:56]} O-O {[%clk 1:25:24]} 7. O-O {[%clk 1:31:18]} c6 {[%clk 1:25:50]} 8. Bf4
{[%clk 1:30:02]} Nbd7 {[%clk 1:17:08]} 9. Nc3 {[%clk 1:29:56]} dxc4 {[%clk
1:11:49]} 10. e4 {[%clk 1:30:10]} Re8 {[%clk 1:12:07]} 11. a4 {[%clk 1:28:49]} a5
{[%clk 1:11:52]} 12. Qe2 {[%clk 1:12:11]} b6 {[%clk 1:11:47]} 13. Rfd1 {[%clk
1:12:33]} Ba6 {[%clk 1:07:55]} 14. Ne1 {[%clk 1:10:52]} Bb4 {[%clk 1:00:57]} 15.
Nc2 {[%clk 1:10:32]} Qe7 {[%clk 0:51:10]} 16. Ne3 {[%clk 1:04:21]} Qf8 {[%clk
0:44:28]} 17. Kh1 {[%clk 0:57:33]} e5 {[%clk 0:33:20]} 18. dxe5 {[%clk 0:53:57]}
Nxe5 {[%clk 0:32:28]} 19. Bxe5 {[%clk 0:51:52]} Rxe5 {[%clk 0:32:52]} 20. f4
{[%clk 0:52:17]} Bxc3 {[%clk 0:32:09]} 21. bxc3 {[%clk 0:37:46]} Rxe4 {[%clk
0:32:22]} 22. Bxe4 {[%clk 0:38:11]} Nxe4 {[%clk 0:32:47]} 23. Qf3 {[%clk
0:35:02]} Re8 {[%clk 0:26:32]} 24. Ng4 {[%clk 0:29:40]} Bb7 {[%clk 0:13:46]} 25.
Nf2 {[%clk 0:17:09]} c5 {[%clk 0:12:07]} 26. Kg1 {[%clk 0:17:19]} Nd6 {[%clk
0:10:23]} 27. Qg4 {[%clk 0:15:53]} Qe7 {[%clk 0:07:04]} 28. Qh3 {[%clk 0:14:35]}
g6 {[%clk 0:05:42]} 29. Ng4 {[%clk 0:06:29]} h5 {[%clk 0:06:00]} 30. Ne5 {[%clk
0:06:31]} Bc8 {[%clk 0:03:33]} 31. Qg2 {[%clk 0:06:35]} Bb7 {[%clk 0:03:48]} 32.
Qh3 {[%clk 0:06:12]} Bc8 {[%clk 0:03:43]} 33. Qg2 {[%clk 0:06:37]} Bb7 {[%clk
0:03:08]} 1/2-1/2

[Event "Greek Team Championship"]
[Site "chess24.com"]
[Date "2017.07.04"]
[Round "3"]
[White "Georgiadis, Nico"]
[Black "Stavrianakis, Ioannis"]
[Result "1/2-1/2"]
[Board "3"]
[WhiteElo "2495"]
[WhiteTitle "IM"]
[WhiteCountry "SUI"]
[WhiteFideId "1300113"]
[WhiteEloChange "-3"]
[BlackElo "2267"]
[BlackTitle "FM"]
[BlackCountry "GRE"]
[BlackFideId "4208412"]
[BlackEloChange "6"]

1. e4 {[%clk 1:30:56]} e6 {[%clk 1:30:43]} 2. d4 {[%clk 1:31:19]} d5 {[%clk
1:31:07]} 3. Nc3 {[%clk 1:31:42]} dxe4 {[%clk 1:31:11]} 4. Nxe4 {[%clk 1:32:05]}
Bd7 {[%clk 1:31:24]} 5. Nf3 {[%clk 1:30:13]} Bc6 {[%clk 1:29:39]} 6. Bd3 {[%clk
1:30:33]} Nd7 {[%clk 1:29:59]} 7. O-O {[%clk 1:28:36]} Be7 {[%clk 1:28:19]} 8.
Re1 {[%clk 1:24:41]} Ngf6 {[%clk 1:28:35]} 9. Nxf6+ {[%clk 1:21:00]} Bxf6 {[%clk
1:26:58]} 10. c3 {[%clk 1:17:43]} O-O {[%clk 1:26:37]} 11. Bf4 {[%clk 1:17:59]}
Re8 {[%clk 1:22:56]} 12. Bc2 {[%clk 1:05:38]} Bxf3 {[%clk 1:18:07]} 13. Qxf3
{[%clk 1:05:52]} c6 {[%clk 1:18:32]} 14. a4 {[%clk 1:00:38]} Nf8 {[%clk 1:15:46]}
15. a5 {[%clk 0:59:07]} a6 {[%clk 1:13:51]} 16. b4 {[%clk 0:58:28]} Ng6 {[%clk
1:10:21]} 17. Bg3 {[%clk 0:57:30]} Bh4 {[%clk 1:08:15]} 18. Re4 {[%clk 0:51:36]}
Bxg3 {[%clk 1:05:48]} 19. Qxg3 {[%clk 0:51:47]} Qf6 {[%clk 1:01:33]} 20. Rae1
{[%clk 0:48:31]} Rad8 {[%clk 1:01:06]} 21. Bb3 {[%clk 0:48:26]} Rd7 {[%clk
0:54:11]} 22. h4 {[%clk 0:48:49]} Nf8 {[%clk 0:49:19]} 23. Re5 {[%clk 0:44:39]}
Rde7 {[%clk 0:46:37]} 24. R5e4 {[%clk 0:38:53]} Rd7 {[%clk 0:42:05]} 25. h5
{[%clk 0:36:18]} Qh6 {[%clk 0:40:28]} 26. Qh4 {[%clk 0:34:11]} Kh8 {[%clk
0:20:59]} 27. f4 {[%clk 0:18:56]} g6 {[%clk 0:14:47]} 28. Qf6+ {[%clk 0:14:03]}
Qg7 {[%clk 0:13:50]} 29. Qh4 {[%clk 0:13:34]} Qh6 {[%clk 0:14:02]} 30. Re5 {[%clk
0:06:05]} Rdd8 {[%clk 0:11:52]} 31. Qf6+ {[%clk 0:05:35]} Qg7 {[%clk 0:12:16]}
32. Qh4 {[%clk 0:06:02]} Nd7 {[%clk 0:08:17]} 33. Rg5 {[%clk 0:01:57]} Kg8 {[%clk
0:08:34]} 34. hxg6 {[%clk 0:01:24]} hxg6 {[%clk 0:08:59]} 35. Rg3 {[%clk
0:01:34]} Qf6 {[%clk 0:08:00]} 36. Qh6 {[%clk 0:02:02]} Qg7 {[%clk 0:08:21]} 37.
Qh4 {[%clk 0:01:28]} Qf6 {[%clk 0:08:37]} 38. Qh6 {[%clk 0:00:51]} Qg7 {[%clk
0:09:02]} 39. Qh4 {[%clk 0:00:36]} 1/2-1/2

[Event "Greek Team Championship"]
[Site "chess24.com"]
[Date "2017.07.04"]
[Round "3"]
[White "Balokas, Dimitrios"]
[Black "Malikentzos, Sotirios"]
[Result "1/2-1/2"]
[Board "4"]
[WhiteElo "2219"]
[WhiteCountry "GRE"]
[WhiteFideId "4216920"]
[WhiteEloChange "6"]
[BlackElo "2439"]
[BlackTitle "FM"]
[BlackCountry "GRE"]
[BlackFideId "4215079"]
[BlackEloChange "-3"]

1. d4 {[%clk 1:30:56]} d5 {[%clk 1:30:48]} 2. c4 {[%clk 1:31:21]} e6 {[%clk
1:31:13]} 3. Nf3 {[%clk 1:31:45]} Nf6 {[%clk 1:31:38]} 4. g3 {[%clk 1:32:10]}
dxc4 {[%clk 1:31:48]} 5. Bg2 {[%clk 1:32:33]} Bd7 {[%clk 1:32:09]} 6. Ne5 {[%clk
1:32:56]} Bc6 {[%clk 1:32:33]} 7. Nxc6 {[%clk 1:33:08]} Nxc6 {[%clk 1:33:00]} 8.
O-O {[%clk 1:33:15]} Qd7 {[%clk 1:33:23]} 9. e3 {[%clk 1:33:34]} Rd8 {[%clk
1:33:48]} 10. Nc3 {[%clk 1:33:56]} e5 {[%clk 1:31:43]} 11. Qa4 {[%clk 1:24:56]}
exd4 {[%clk 1:23:05]} 12. exd4 {[%clk 1:25:14]} Be7 {[%clk 1:13:46]} 13. Qxc4
{[%clk 1:17:08]} Nxd4 {[%clk 1:11:06]} 14. Be3 {[%clk 1:14:30]} c5 {[%clk
1:05:09]} 15. Rad1 {[%clk 1:01:23]} O-O {[%clk 0:58:14]} 16. Bxd4 {[%clk
0:59:28]} cxd4 {[%clk 0:58:37]} 17. Rd2 {[%clk 0:58:39]} b6 {[%clk 0:26:39]} 18.
Rfd1 {[%clk 0:56:44]} Qe6 {[%clk 0:21:14]} 19. Qxe6 {[%clk 0:54:13]} fxe6 {[%clk
0:21:41]} 20. Rxd4 {[%clk 0:49:30]} Rxd4 {[%clk 0:20:24]} 21. Rxd4 {[%clk
0:49:54]} Bc5 {[%clk 0:20:38]} 22. Rd2 {[%clk 0:50:00]} e5 {[%clk 0:20:25]} 23.
Ne4 {[%clk 0:49:40]} Bd4 {[%clk 0:20:20]} 24. Nxf6+ {[%clk 0:49:59]} gxf6 {[%clk
0:19:33]} 25. Bd5+ {[%clk 0:49:31]} Kg7 {[%clk 0:19:56]} 26. Kg2 {[%clk 0:49:27]}
Rc8 {[%clk 0:20:04]} 27. b3 {[%clk 0:48:52]} f5 {[%clk 0:19:20]} 28. Be6 {[%clk
0:48:05]} Rf8 {[%clk 0:19:46]} 29. Rc2 {[%clk 0:45:48]} Bc5 {[%clk 0:19:53]} 30.
Rd2 {[%clk 0:45:05]} Kf6 {[%clk 0:20:13]} 31. Bc4 {[%clk 0:45:05]} 1/2-1/2

[Event "Greek Team Championship"]
[Site "chess24.com"]
[Date "2017.07.04"]
[Round "3"]
[White "Zawadzka, Jolanta"]
[Black "Hristodoulaki, Antonia"]
[Result "1-0"]
[Board "5"]
[WhiteElo "2426"]
[WhiteTitle "WGM"]
[WhiteCountry "POL"]
[WhiteFideId "1122320"]
[WhiteEloChange "1"]
[BlackElo "2032"]
[BlackCountry "GRE"]
[BlackFideId "4214935"]
[BlackEloChange "-2"]

1. e4 {[%clk 1:30:19]} c5 {[%clk 1:30:58]} 2. Nf3 {[%clk 1:30:41]} e6 {[%clk
1:31:20]} 3. d4 {[%clk 1:30:54]} cxd4 {[%clk 1:31:46]} 4. Nxd4 {[%clk 1:31:18]}
Nf6 {[%clk 1:32:08]} 5. Nc3 {[%clk 1:31:00]} Nc6 {[%clk 1:32:19]} 6. Ndb5 {[%clk
1:30:45]} Bb4 {[%clk 1:32:16]} 7. a3 {[%clk 1:30:43]} Bxc3+ {[%clk 1:32:30]} 8.
Nxc3 {[%clk 1:31:08]} d5 {[%clk 1:32:38]} 9. exd5 {[%clk 1:31:26]} exd5 {[%clk
1:33:03]} 10. Bd3 {[%clk 1:31:10]} O-O {[%clk 1:32:49]} 11. O-O {[%clk 1:31:21]}
d4 {[%clk 1:32:04]} 12. Ne2 {[%clk 1:29:26]} Bg4 {[%clk 1:31:47]} 13. Bg5 {[%clk
1:21:59]} Qd6 {[%clk 1:30:15]} 14. Qd2 {[%clk 1:16:30]} Bxe2 {[%clk 1:26:27]} 15.
Qxe2 {[%clk 1:11:17]} Rfe8 {[%clk 1:25:33]} 16. Qd1 {[%clk 1:03:22]} Ne5 {[%clk
1:17:38]} 17. Bf4 {[%clk 0:50:03]} Qb6 {[%clk 1:10:57]} 18. b3 {[%clk 0:48:04]}
Nxd3 {[%clk 0:38:40]} 19. Qxd3 {[%clk 0:48:25]} Re4 {[%clk 0:37:27]} 20. Bd2
{[%clk 0:45:10]} Rc8 {[%clk 0:33:54]} 21. Rac1 {[%clk 0:40:46]} a6 {[%clk
0:31:15]} 22. Rfd1 {[%clk 0:39:53]} Re6 {[%clk 0:26:01]} 23. h3 {[%clk 0:36:07]}
Nd5 {[%clk 0:16:30]} 24. c4 {[%clk 0:32:40]} Ne7 {[%clk 0:16:32]} 25. b4 {[%clk
0:31:20]} Nc6 {[%clk 0:14:58]} 26. Bf4 {[%clk 0:30:07]} Rd8 {[%clk 0:11:06]} 27.
Re1 {[%clk 0:25:53]} Rde8 {[%clk 0:10:42]} 28. Rxe6 {[%clk 0:26:13]} Rxe6 {[%clk
0:08:28]} 29. b5 {[%clk 0:25:40]} Ne7 {[%clk 0:08:01]} 30. bxa6 {[%clk 0:25:05]}
Qxa6 {[%clk 0:06:34]} 31. Qxd4 {[%clk 0:24:54]} h6 {[%clk 0:06:24]} 32. Rb1
{[%clk 0:21:47]} Qc6 {[%clk 0:04:13]} 33. Qd8+ {[%clk 0:15:54]} Kh7 {[%clk
0:04:36]} 34. Qd3+ {[%clk 0:16:21]} f5 {[%clk 0:02:05]} 35. Be3 {[%clk 0:15:31]}
Rd6 {[%clk 0:00:51]} 36. Qc2 {[%clk 0:13:54]} Rg6 {[%clk 0:00:37]} 37. g3 {[%clk
0:13:37]} Qf3 {[%clk 0:00:36]} 38. Kh2 {[%clk 0:12:53]} h5 {[%clk 0:00:35]} 39.
h4 {[%clk 0:12:09]} Nc6 {[%clk 0:00:34]} 40. Rb5 {[%clk 0:40:30]} f4 {[%clk
0:30:37]} 41. Rg5 {[%clk 0:37:53]} fxg3+ {[%clk 0:25:01]} 42. Rxg3 {[%clk
0:36:01]} Qf6 {[%clk 0:24:01]} 43. Qe4 {[%clk 0:30:30]} Qe6 {[%clk 0:12:39]} 44.
Qd5 {[%clk 0:25:51]} Qxd5 {[%clk 0:09:35]} 45. cxd5 {[%clk 0:26:18]} Nb8 {[%clk
0:09:16]} 46. Bd4 {[%clk 0:24:26]} Nd7 {[%clk 0:07:50]} 47. Rxg6 {[%clk 0:20:46]}
Kxg6 {[%clk 0:08:19]} 48. Kg3 {[%clk 0:21:10]} Kf5 {[%clk 0:04:44]} 49. Bxg7
{[%clk 0:21:31]} Nb6 {[%clk 0:04:50]} 50. d6 {[%clk 0:21:23]} Ke6 {[%clk
0:04:45]} 51. Kf4 {[%clk 0:20:43]} Kxd6 {[%clk 0:04:20]} 52. Kg5 {[%clk 0:20:28]}
Ke6 {[%clk 0:04:33]} 53. f4 {[%clk 0:17:50]} Nc4 {[%clk 0:04:08]} 54. Bf8 {[%clk
0:17:15]} Ne3 {[%clk 0:03:08]} 55. Bc5 {[%clk 0:17:35]} Nd5 {[%clk 0:02:04]} 56.
Bd4 {[%clk 0:16:56]} Ne7 {[%clk 0:01:46]} 57. Bf6 {[%clk 0:16:22]} Nf5 {[%clk
0:01:42]} 58. Bb2 {[%clk 0:16:11]} Ng3 {[%clk 0:01:38]} 59. Kg6 {[%clk 0:16:16]}
Nf5 {[%clk 0:00:44]} 60. Kxh5 {[%clk 0:16:37]} 1-0

[Event "Greek Team Championship"]
[Site "chess24.com"]
[Date "2017.07.04"]
[Round "3"]
[White "Grammatikaki, Aggeliki"]
[Black "Pasoglou, Ekaterini"]
[Result "1-0"]
[Board "6"]
[WhiteElo "1623"]
[WhiteCountry "GRE"]
[WhiteFideId "25802607"]
[WhiteEloChange "16"]
[BlackElo "1885"]
[BlackCountry "GRE"]
[BlackFideId "4247663"]
[BlackEloChange "-16"]

1. c4 {[%clk 1:30:56]} e5 {[%clk 1:29:34]} 2. Nc3 {[%clk 1:31:20]} Nc6 {[%clk
1:28:52]} 3. Nf3 {[%clk 1:31:41]} g6 {[%clk 1:28:01]} 4. e3 {[%clk 1:30:33]} Bg7
{[%clk 1:27:05]} 5. Be2 {[%clk 1:29:37]} d6 {[%clk 1:26:34]} 6. O-O {[%clk
1:28:12]} f5 {[%clk 1:24:34]} 7. d4 {[%clk 1:21:35]} e4 {[%clk 1:15:07]} 8. Ne1
{[%clk 1:14:10]} Nf6 {[%clk 1:14:10]} 9. f3 {[%clk 0:59:58]} exf3 {[%clk
1:14:12]} 10. Bxf3 {[%clk 0:59:35]} O-O {[%clk 1:13:20]} 11. Nd3 {[%clk 0:59:07]}
a5 {[%clk 1:03:49]} 12. d5 {[%clk 0:50:10]} Ne5 {[%clk 1:02:07]} 13. Nxe5 {[%clk
0:49:40]} dxe5 {[%clk 1:02:31]} 14. e4 {[%clk 0:46:57]} f4 {[%clk 1:00:25]} 15.
b3 {[%clk 0:45:58]} h5 {[%clk 0:47:54]} 16. h3 {[%clk 0:41:54]} Ne8 {[%clk
0:39:47]} 17. Ba3 {[%clk 0:36:23]} Rf7 {[%clk 0:39:56]} 18. Qe1 {[%clk 0:25:02]}
b6 {[%clk 0:35:38]} 19. c5 {[%clk 0:17:12]} Bf8 {[%clk 0:32:52]} 20. Qf2 {[%clk
0:13:01]} bxc5 {[%clk 0:33:11]} 21. Bxc5 {[%clk 0:10:57]} Nd6 {[%clk 0:32:38]}
22. Kh2 {[%clk 0:08:11]} Be7 {[%clk 0:31:11]} 23. g3 {[%clk 0:07:32]} Kh7 {[%clk
0:30:11]} 24. Rg1 {[%clk 0:06:31]} Bg5 {[%clk 0:29:10]} 25. Ne2 {[%clk 0:03:49]}
fxg3+ {[%clk 0:15:34]} 26. Qxg3 {[%clk 0:03:27]} Qd7 {[%clk 0:15:49]} 27. h4
{[%clk 0:02:51]} Rxf3 {[%clk 0:08:35]} 28. Qxf3 {[%clk 0:03:11]} Bxh4 {[%clk
0:09:01]} 29. Qg2 {[%clk 0:02:42]} g5 {[%clk 0:08:57]} 30. Nc3 {[%clk 0:01:51]}
g4 {[%clk 0:07:26]} 31. Bf2 {[%clk 0:01:47]} Bg5 {[%clk 0:07:21]} 32. Bg3 {[%clk
0:01:45]} Qe7 {[%clk 0:07:12]} 33. Kh1 {[%clk 0:00:59]} h4 {[%clk 0:07:08]} 34.
Be1 {[%clk 0:01:11]} Bd7 {[%clk 0:04:13]} 35. Bd2 {[%clk 0:01:21]} h3 {[%clk
0:03:57]} 36. Qh2 {[%clk 0:01:23]} Bh4 {[%clk 0:03:15]} 37. Be1 {[%clk 0:01:28]}
Bg5 {[%clk 0:02:13]} 38. Bg3 {[%clk 0:00:56]} Re8 {[%clk 0:00:54]} 39. Rgf1
{[%clk 0:01:02]} Bh4 {[%clk 0:00:44]} 40. Rae1 {[%clk 0:30:36]} Qg5 {[%clk
0:30:35]} 41. a4 {[%clk 0:22:32]} Qe7 {[%clk 0:23:50]} 42. Qf2 {[%clk 0:19:26]}
Bg5 {[%clk 0:23:53]} 43. Qc5 {[%clk 0:15:36]} Bd2 {[%clk 0:18:06]} 44. Re2 {[%clk
0:14:45]} Rf8 {[%clk 0:16:49]} 45. Rxf8 {[%clk 0:12:21]} Qxf8 {[%clk 0:16:52]}
46. Rxd2 {[%clk 0:08:15]} Qf1+ {[%clk 0:17:02]} 47. Kh2 {[%clk 0:08:12]} Qc1
{[%clk 0:13:41]} 48. Rf2 {[%clk 0:06:32]} Kg6 {[%clk 0:11:31]} 49. Qxc7 {[%clk
0:05:53]} Nxe4 {[%clk 0:11:34]} 50. Qb6+ {[%clk 0:06:05]} 1-0

[Event "Greek Team Championship"]
[Site "chess24.com"]
[Date "2017.07.04"]
[Round "3"]
[White "Pasoglou, Nikoleta"]
[Black "Kalyva, Kyriaki"]
[Result "1-0"]
[Board "7"]
[WhiteElo "1241"]
[WhiteCountry "GRE"]
[WhiteFideId "4265408"]
[WhiteEloChange "18"]
[BlackElo "1633"]
[BlackCountry "GRE"]
[BlackFideId "4271181"]
[BlackEloChange "-18"]

1. d4 {[%clk 1:30:58]} d5 {[%clk 1:30:52]} 2. Nf3 {[%clk 1:31:20]} Nf6 {[%clk
1:31:11]} 3. Bg5 {[%clk 1:31:35]} e6 {[%clk 1:31:20]} 4. e3 {[%clk 1:31:53]} Bd6
{[%clk 1:31:23]} 5. Bd3 {[%clk 1:31:59]} O-O {[%clk 1:31:03]} 6. Nbd2 {[%clk
1:32:13]} b6 {[%clk 1:29:42]} 7. O-O {[%clk 1:32:17]} Bb7 {[%clk 1:28:39]} 8. Ne5
{[%clk 1:30:38]} c5 {[%clk 1:24:48]} 9. c3 {[%clk 1:30:46]} Nc6 {[%clk 1:22:52]}
10. f4 {[%clk 1:30:38]} Be7 {[%clk 1:22:09]} 11. Qf3 {[%clk 1:23:35]} Nd7 {[%clk
1:16:59]} 12. Nxc6 {[%clk 1:18:28]} Bxc6 {[%clk 1:17:15]} 13. Bxe7 {[%clk
1:18:32]} Qxe7 {[%clk 1:17:38]} 14. Qh3 {[%clk 1:18:46]} f5 {[%clk 1:08:17]} 15.
g4 {[%clk 1:11:40]} g6 {[%clk 1:03:48]} 16. gxf5 {[%clk 1:09:00]} exf5 {[%clk
1:04:07]} 17. Rf3 {[%clk 1:07:04]} Nf6 {[%clk 0:57:45]} 18. Qh4 {[%clk 1:02:24]}
Rae8 {[%clk 0:55:58]} 19. Re1 {[%clk 1:00:32]} Ne4 {[%clk 0:51:24]} 20. Qxe7
{[%clk 1:00:32]} Rxe7 {[%clk 0:51:45]} 21. Bxe4 {[%clk 1:00:19]} dxe4 {[%clk
0:51:54]} 22. Rg3 {[%clk 1:00:04]} cxd4 {[%clk 0:42:28]} 23. exd4 {[%clk
0:59:33]} b5 {[%clk 0:41:55]} 24. Nf1 {[%clk 0:58:48]} Rd7 {[%clk 0:34:24]} 25.
Rd1 {[%clk 0:56:03]} Rfd8 {[%clk 0:32:36]} 26. Ne3 {[%clk 0:55:35]} Kh8 {[%clk
0:30:12]} 27. Rg2 {[%clk 0:53:30]} b4 {[%clk 0:24:40]} 28. h4 {[%clk 0:49:47]}
bxc3 {[%clk 0:16:44]} 29. bxc3 {[%clk 0:50:05]} Ba4 {[%clk 0:16:46]} 30. Rc1
{[%clk 0:49:24]} Rc7 {[%clk 0:15:09]} 31. Rd2 {[%clk 0:48:31]} Rdc8 {[%clk
0:11:58]} 32. c4 {[%clk 0:47:45]} Rb7 {[%clk 0:08:10]} 33. d5 {[%clk 0:43:44]}
Rc5 {[%clk 0:06:13]} 34. d6 {[%clk 0:32:54]} Bd7 {[%clk 0:06:07]} 35. Rd5 {[%clk
0:28:45]} Rxd5 {[%clk 0:06:24]} 36. Nxd5 {[%clk 0:29:12]} Kg7 {[%clk 0:06:44]}
37. c5 {[%clk 0:29:23]} Bc6 {[%clk 0:01:07]} 38. Ne7 {[%clk 0:29:40]} Rxe7 {[%clk
0:01:27]} 39. dxe7 {[%clk 0:30:03]} Kf7 {[%clk 0:01:54]} 40. Kf2 {[%clk 0:59:00]}
Kxe7 {[%clk 0:32:17]} 41. Ke3 {[%clk 0:59:10]} Kd7 {[%clk 0:30:56]} 42. Rd1+
{[%clk 0:58:55]} Kc7 {[%clk 0:31:18]} 43. Rd6 {[%clk 0:58:55]} Bb5 {[%clk
0:31:29]} 44. Kd4 {[%clk 0:58:06]} Bd3 {[%clk 0:31:09]} 45. Rf6 {[%clk 0:57:57]}
a6 {[%clk 0:30:36]} 46. Rf7+ {[%clk 0:57:47]} Kc6 {[%clk 0:30:59]} 47. Rxh7
{[%clk 0:58:05]} Bb1 {[%clk 0:31:01]} 48. a3 {[%clk 0:57:50]} e3 {[%clk 0:30:18]}
49. Kxe3 {[%clk 0:57:14]} Kxc5 {[%clk 0:30:37]} 50. Rh6 {[%clk 0:57:21]} 1-0